| 000 | 01142cad a22002535a 4500 | ||
|---|---|---|---|
| 001 | E147392 | ||
| 008 | 090508s2009 xxk f s000 0 eng d | ||
| 020 | _a9780755975051 | ||
| 022 | 1 | _a0950-2254 | |
| 035 | _a(Sirsi) u147392 | ||
| 041 | 0 | _aeng | |
| 050 | 0 | 4 | _a711.1 $2 18 |
| 110 | 2 |
_aArup _94773 |
|
| 245 | 0 | 0 |
_aReview of fees for planning applications _h[electronic resource] |
| 260 |
_a[Edinburgh] _bScottish Government _c2009 |
||
| 505 | 2 | _aExecutive summary -- Introduction -- Review of existing data on cost recovery -- Findings from case studies -- Costs of planning reforms -- Conclusions and recommendations | |
| 520 | _aPresents the results of research into the setting of standard fees paid by applicants for planning permission. Looks at the information used to set fee levels and whether there might be alternative ways of collecting such information. | ||
| 521 | _aAdvanced | ||
| 590 | _aKA | ||
| 651 | 4 |
_aScotland _y1999- |
|
| 690 |
_aPlanning and development _96259 |
||
| 856 | 4 | 0 |
_uhttps://www.scotland.gov.uk/Publications/2009/04/08155323/0 _zView the report free of charge at www.scotland.gov.uk... |
| 942 | _n0 | ||
| 999 |
_c109536 _d109536 |
||